Normale Ansicht MARC-Ansicht ISBD

Nacional'no-kul'turnaja politika v Sibirskom regione v XX veke : (Titelsatznr. 36545)

[ MARC ]
MARC-Details
000 -Satzkennung
Kontrollfeld mit fester Länge 00738nam a22002411c 4500
001 - Kontrollnummer
Kontrollfeld a987677470
008 - Feld mit fester Länge zur physischen Beschreibung - Allgemeine Angaben
Kontrollfeld mit fester Länge 161018s2004 gw |||| 000u rus d
020 ## - Internationale Standardbuchnummer
Internationale Standardbuchnummer 5943562311
Verknüpfung 5-94356-231-1
041 ## - Sprachcode
Sprachcode des Textes/der Tonspur oder des separaten Titels rus
040 ## - Katalogisierungsquelle
Übertragungsstelle RU-10907106
003 - Kontrollnummer Identifier
Kontrollfeld RU-10907106
245 00 - Titel
Titel Nacional'no-kul'turnaja politika v Sibirskom regione v XX veke :
Zusatz zum Titel sbornik naučnych trudov
264 ## - Produktion, Veröffentlichung, Distribution, Herstellung und Urheberrechtsvermerk
Herstellungs-, Veröffentlichungs- Vertriebs-, Erzeugungsort Novosibirsk,
Datum der Herstellung, der Veröffentlichung, des Vertriebs oder des Urheberschutzvermerks 2004
650 #0 - Nebeneintragung unter einem Schlagwort - Sachschlagwort
Sachschlagwort oder geografischer Name als Eintragungselement Nationalitätenpolitik
650 #0 - Nebeneintragung unter einem Schlagwort - Sachschlagwort
Sachschlagwort oder geografischer Name als Eintragungselement Nomaden
650 #0 - Nebeneintragung unter einem Schlagwort - Sachschlagwort
Sachschlagwort oder geografischer Name als Eintragungselement Kultur
650 #0 - Nebeneintragung unter einem Schlagwort - Sachschlagwort
Sachschlagwort oder geografischer Name als Eintragungselement Identität
651 #0 - Nebeneintragung unter einem Schlagwort - Geografischer Name
Geografischer Name Sibirien
655 #0 - Indexierungsterm - Genre/Form
Genre/Form oder fokussierter Term Aufsatzsammlung
700 1# - Nebeneintragung - Personenname
Personenname Krasil'nikov, S. A.
Funktionsbezeichnung HerausgeberIn
710 2# - Nebeneintragung - Körperschaftsname
Körperschafts- oder Gebietskörperschaftsname als Eintragungselement RAN / Sbirskoe otdlenie / Ob'edinennyj institut istorii, filologii i filosofii / Inst. istorii
942 ## - Zusätzliche Felder (Koha)
Koha-Medientyp Monographien
Exemplare
Ausgeschieden Verloren Klassifikation oder Aufstellungssystematik Beschädigt Nicht entleihbar Heimatbibliothek Aufenthaltsbibliothek Aufstellungsort Erwerbungsdatum Inventarnummer Signatur Barcode Letzte Aktivität Preis gültig von Koha-Medientyp
    Andere/Generische Klassifikation     MWN Osteuropa MWN Osteuropa Magazin - 2 18/10/2016 16-03522 Ersatzß R 60 o Sibir 6 E00401507908333C 23/02/2021 22/03/2021 Monographien